| 000 | 00816cam a22001931 4500 | ||
|---|---|---|---|
| 082 |
_a355.47 _bCOL |
||
| 100 | 1 |
_aCole, D. H. _948854 |
|
| 245 | 1 | 0 |
_aChanging conditions of imperial defence, _bessays on military geography _cby Capt. D. H. Cole, M.B.E. |
| 260 |
_aLondon, _bS. Praed & Co., ltd., _c1930. |
||
| 300 |
_avii, 183 p. _bfold. map. _c22 cm. |
||
| 500 | _aErrata slip inserted. | ||
| 505 | 0 | _aMan power.--Material resources of the Empire.--The United States and sea power.--France and Italy and sea power in the Mediterranean.--Great Britain and the Indian Ocean.--Japan and the Pacific.--The changing scene. | |
| 526 |
_a0 _b0 _c0 _d355_470000000000000_COL |
||
| 650 | 0 | _aEconomic history | |
| 650 | 0 |
_aMCE _9379 |
|
| 650 | 0 |
_aMilitary geography. _948855 |
|
| 650 | 0 |
_aSea-power. _949341 |
|
| 942 |
_2ddc _cBK |
||
| 999 |
_c552303 _d552303 |
||